00439nam a22001457a 450000500170000001000130001702000180003003700360004810000200008424500950010426000440019930000210024394200120026499900170027620141017170828.0 aBAC-EN21 a9781107444348 adplbCambridge University Press aDam, Shubhankar aPresidential Legislation in India:bthe law and practice of ordinances/cby Shubhankar Dam aDelhibCambridge University Pressc2014 a259p.c22cm(pbk) 2ddccEN c89427d89427